<?xml version="1.0" encoding="UTF-8"?>
<collection xmlns="http://www.loc.gov/MARC21/slim">
 <record>
  <leader>01444nam a2200325 a 4500</leader>
  <controlfield tag="001">16981</controlfield>
  <controlfield tag="003">BD-DhAAL</controlfield>
  <controlfield tag="008">020919s2002    enk      b    001 0 eng d</controlfield>
  <datafield tag="010" ind1=" " ind2=" ">
   <subfield code="a">\\2002035287</subfield>
  </datafield>
  <datafield tag="020" ind1=" " ind2=" ">
   <subfield code="a">0415285003 (hbk)</subfield>
  </datafield>
  <datafield tag="020" ind1=" " ind2=" ">
   <subfield code="a">0415285011 (pbk.)</subfield>
  </datafield>
  <datafield tag="040" ind1=" " ind2=" ">
   <subfield code="a">DNLM/DLC</subfield>
   <subfield code="c">DLC</subfield>
   <subfield code="d">DLC</subfield>
   <subfield code="d">BD-DhAAL</subfield>
  </datafield>
  <datafield tag="050" ind1="0" ind2="0">
   <subfield code="a">RS380</subfield>
   <subfield code="b">.P484 2002</subfield>
  </datafield>
  <datafield tag="082" ind1="0" ind2="0">
   <subfield code="a">615.19</subfield>
   <subfield code="2">21</subfield>
  </datafield>
  <datafield tag="245" ind1="0" ind2="0">
   <subfield code="a">Pharmaceutical biotechnology :</subfield>
   <subfield code="b">an introduction for pharmacists and pharmaceutical scientists /</subfield>
   <subfield code="c">edited by Daan J.A. Crommelin and Robert D. Sindelar.</subfield>
  </datafield>
  <datafield tag="250" ind1=" " ind2=" ">
   <subfield code="a">Second edition.</subfield>
  </datafield>
  <datafield tag="260" ind1=" " ind2=" ">
   <subfield code="a">London ;</subfield>
   <subfield code="a">New York :</subfield>
   <subfield code="b">Routledge,</subfield>
   <subfield code="c">2002.</subfield>
  </datafield>
  <datafield tag="300" ind1=" " ind2=" ">
   <subfield code="a">xxx.425 pages :</subfield>
   <subfield code="b">illustrations ;</subfield>
   <subfield code="c">29 cm</subfield>
  </datafield>
  <datafield tag="504" ind1=" " ind2=" ">
   <subfield code="a">Includes bibliographical references and index.</subfield>
  </datafield>
  <datafield tag="526" ind1=" " ind2=" ">
   <subfield code="a">MNS</subfield>
   <subfield code="x">Professor Naiyyum Choudhury
Department of Mathematics and Natural Sciences
BRAC University</subfield>
  </datafield>
  <datafield tag="541" ind1=" " ind2=" ">
   <subfield code="e">16981</subfield>
   <subfield code="a">Paragon Enterprises LTD.</subfield>
  </datafield>
  <datafield tag="650" ind1=" " ind2="0">
   <subfield code="a">Pharmaceutical biotechnology.</subfield>
   <subfield code="9">1499</subfield>
  </datafield>
  <datafield tag="650" ind1="1" ind2="2">
   <subfield code="a">Technology, Pharmaceutical.</subfield>
   <subfield code="9">1500</subfield>
  </datafield>
  <datafield tag="650" ind1="1" ind2="2">
   <subfield code="a">Pharmacy.</subfield>
   <subfield code="9">43694</subfield>
  </datafield>
  <datafield tag="700" ind1="1" ind2=" ">
   <subfield code="a">Crommelin, D. J. A.</subfield>
   <subfield code="q">(Daan J. A.)</subfield>
   <subfield code="9">1501</subfield>
  </datafield>
  <datafield tag="700" ind1="1" ind2=" ">
   <subfield code="a">Sindelar, Robert D.</subfield>
   <subfield code="9">1502</subfield>
  </datafield>
  <datafield tag="852" ind1="4" ind2=" ">
   <subfield code="a">Ayesha Abed Library</subfield>
   <subfield code="c">General Stacks</subfield>
  </datafield>
  <datafield tag="942" ind1=" " ind2=" ">
   <subfield code="2">ddc</subfield>
   <subfield code="c">BK</subfield>
  </datafield>
  <datafield tag="999" ind1=" " ind2=" ">
   <subfield code="c">347</subfield>
   <subfield code="d">347</subfield>
  </datafield>
  <datafield tag="952" ind1=" " ind2=" ">
   <subfield code="0">0</subfield>
   <subfield code="1">4</subfield>
   <subfield code="2">ddc</subfield>
   <subfield code="4">0</subfield>
   <subfield code="6">615_190000000000000_PHA</subfield>
   <subfield code="7">0</subfield>
   <subfield code="9">314</subfield>
   <subfield code="a">BRACUL</subfield>
   <subfield code="b">BRACUL</subfield>
   <subfield code="c">GEN</subfield>
   <subfield code="d">2009-05-04</subfield>
   <subfield code="e">Paragon Enterprises LTD</subfield>
   <subfield code="h">3859.00</subfield>
   <subfield code="l">0</subfield>
   <subfield code="o">615.19 PHA</subfield>
   <subfield code="p">3010016981</subfield>
   <subfield code="r">2009-05-04</subfield>
   <subfield code="t">1</subfield>
   <subfield code="w">2009-05-04</subfield>
   <subfield code="y">BK</subfield>
   <subfield code="x">Koha Inventory 2020 ; Requisitioned by Professor Naiyyum Choudhury.</subfield>
  </datafield>
 </record>
</collection>
